Viaje del mundo.

Bibliographic Details
Main Author: Ordóñez de Ceballos, Pedro, 1550-?
Format: Book
Language:Spanish
Published: [Bogotá] : [Impreso en la Editorial ABC], [1942]
Series:Biblioteca popular de cultura colombiana. Viajes ; v. 1.
Subjects:

MARC

Tag First Indicator Second Indicator Subfields
LEADER 00000cam a2200000 4500
001 in00003451513
005 20151206103446.0
008 780328s1942 ck b 00000 spa
010 |a  44015090  
035 |a (OCoLC)ocm03756593 
040 |a DLC  |c AZU  |d AZU  |d SER  |d TNY  |d UtOrBLW 
082 0 |a 910.4 
090 |a G460  |b .O63 
100 1 |a Ordóñez de Ceballos, Pedro,  |d 1550-? 
245 1 0 |a Viaje del mundo. 
264 1 |a [Bogotá] :  |b [Impreso en la Editorial ABC],  |c [1942] 
300 |a 2 volumes in 1 (xv, 229 pages) ;  |c 20 cm. 
336 |a text  |b txt  |2 rdacontent 
337 |a unmediated  |b n  |2 rdamedia 
338 |a volume  |b nc  |2 rdacarrier 
490 1 |a Biblioteca popular de cultura colombiana. Viajes ;  |v v. 1 
504 |a "Papeleta bibliográphica": pages [vii]-viii. 
650 0 |a Voyages and travels. 
830 0 |a Biblioteca popular de cultura colombiana.  |p Viajes ;  |v v. 1. 
999 |a MARS 
999 f f |s 509b51c2-bcf8-3c57-8aa3-48ff61e46425  |i 6d19de8c-4aa3-34c4-90ef-2db508e005ee  |t 0 
952 f f |p ric  |a Texas A&M University  |b Rellis Campus  |c Joint Library Facility  |d Remote Storage  |t 0  |e G460 .O63  |h Library of Congress classification  |i unmediated -- volume  |m 32060004001000 
998 f f |a G460 .O63  |t 0  |l Remote Storage